[Event "SVK-chT2D 2223"]
[Site "Slovakia"]
[Date "2022.11.12"]
[Round "3.7"]
[White "Tkac, Miroslav"]
[Black "Repasky, Karol"]
[Result "1-0"]
[WhiteElo "1628"]
[BlackElo "1839"]
[PlyCount "107"]
[EventDate "2022.10.08"]
[EventType "team-tourn"]
[EventRounds "11"]
[EventCountry "SVK"]
[SourceTitle "EXT 2024"]
[Source "ChessBase"]
[SourceDate "2023.10.10"]
[SourceVersion "1"]
[SourceVersionDate "2023.10.10"]
[SourceQuality "1"]
[WhiteTeam "Presov Slavia PU"]
[BlackTeam "Kosice 1 CC"]
[WhiteTeamCountry "SVK"]
[BlackTeamCountry "SVK"]

1. d4 Nf6 2. Bf4 e6 3. Nf3 c5 4. e3 d5 5. Nbd2 Nc6 6. c3 Bd6 7. Ne5 0-0 8. Bd3 Qc7 9. Ndf3 Nd7 10. Bxh7+ Kh8 11. Nxf7+ Rxf7 12. Bg6 Bxf4 13. Bxf7 Nf6 14. exf4 Qxf7 15. Qd3 c4 16. Qc2 Ne4 17. g3 Qh5 18. Nh4 Bd7 19. f3 Nd6 20. 0-0-0 Be8 21. Rde1 Bf7 22. Qf2 Qh6 23. Kb1 b5 24. a3 a5 25. f5 exf5 26. g4 Qf6 27. g5 Qxg5 28. Rhg1 Qf6 29. Qg3 b4 30. Ng6+ Kg8 31. Ne5 Be8 32. Nxc6 Bxc6 33. Re6 f4 34. Rxf6 fxg3 35. Rxd6 gxh2 36. Rh1 Ba4 37. Rxh2 bxc3 38. bxc3 Rb8+ 39. Rb2 Rf8 40. Rxd5 Rxf3 41. Rd8+ Kf7 42. Rb7+ Ke6 43. d5+ Ke5 44. Re7+ Kf6 45. Rf8+ Kxe7 46. Rxf3 g5 47. Rf5 g4 48. Rg5 Bd1 49. Kc1 Bf3 50. Kd2 Kd6 51. Ke3 Bxd5 52. Rxg4 Ke5 53. Rg5+ Kd6 54. Kd4 1-0

[Event "SVK-chT2D 2223"]
[Site "Slovakia"]
[Date "2022.10.08"]
[Round "1.6"]
[White "Zrost, Rudolf"]
[Black "Repasky, Karol"]
[Result "1-0"]
[WhiteElo "1937"]
[BlackElo "1844"]
[PlyCount "125"]
[EventDate "2022.10.08"]
[EventType "team-tourn"]
[EventRounds "11"]
[EventCountry "SVK"]
[SourceTitle "EXT 2024"]
[Source "ChessBase"]
[SourceDate "2023.10.10"]
[SourceVersion "1"]
[SourceVersionDate "2023.10.10"]
[SourceQuality "1"]
[WhiteTeam "Spisska Nova Ves"]
[BlackTeam "Kosice 1 CC"]
[WhiteTeamCountry "SVK"]
[BlackTeamCountry "SVK"]

1. d4 Nf6 2. Nf3 e6 3. c4 Bb4+ 4. Bd2 Nc6 5. Bxb4 Nxb4 6. a3 Nc6 7. Nc3 d5 8. e3 0-0 9. Bd3 dxc4 10. Bxc4 b6 11. 0-0 Bb7 12. Qe2 Ne7 13. Rfd1 Ne4 14. Rac1 Ng6 15. Nxe4 Bxe4 16. Bb5 Rc8 17. Bc6 Bd5 18. Bxd5 Qxd5 19. Rc3 c6 20. Rdc1 Rc7 21. Qc4 Qf5 22. Qa4 Rfc8 23. h3 Qd5 24. b4 h6 25. Qc2 a5 26. e4 Qb5 27. Rb1 a4 28. g3 Qh5 29. Kg2 Qb5 30. Rc1 Kh8 31. Qd1 Rd7 32. Qc2 Rdc7 33. h4 Kg8 34. Nd2 Qe2 35. Nc4 Qxc2 36. R3xc2 b5 37. Nd6 Rd8 38. Rxc6 Rxc6 39. Rxc6 Ne7 40. Rb6 f5 41. Nxb5 fxe4 42. Rxe6 Nd5 43. Rxe4 Rb8 44. Nd6 Nc3 45. Re1 Rd8 46. Rc1 Ne2 47. Rc8 Rxc8 48. Nxc8 Nxd4 49. Nb6 Nb5 50. Nxa4 Nxa3 51. Nc5 Kf7 52. Kf3 Nb5 53. Ke4 Kf6 54. g4 g6 55. f4 Nc3+ 56. Kd4 Nb5+ 57. Kc4 Na3+ 58. Kd5 h5 59. Ne4+ Ke7 60. gxh5 gxh5 61. Ng3 Kf6 62. Ke4 Kg6 63. f5+ 1-0

[Event "SVK-chT2D 2122"]
[Site "Slovakia"]
[Date "2022.04.30"]
[Round "10.6"]
[White "Repasky, Karol"]
[Black "Zrost, Rudolf"]
[Result "1-0"]
[WhiteElo "1826"]
[BlackElo "1984"]
[PlyCount "89"]
[EventDate "2021.10.16"]
[EventType "team-tourn"]
[EventRounds "11"]
[EventCountry "SVK"]
[SourceTitle "EXT 2023"]
[Source "ChessBase"]
[SourceDate "2022.10.05"]
[SourceVersion "1"]
[SourceVersionDate "2022.10.05"]
[SourceQuality "1"]
[WhiteTeam "Kosice 1 CC"]
[BlackTeam "Spisska Nova Ves"]
[WhiteTeamCountry "SVK"]
[BlackTeamCountry "SVK"]

1. c4 Nf6 2. Nc3 g6 3. e4 d6 4. d4 Bg7 5. Be2 0-0 6. Nf3 Nbd7 7. 0-0 e5 8. d5 Nc5 9. Qc2 a5 10. Be3 Nh5 11. Nd2 Nf4 12. Bf3 g5 13. Qd1 Kh8 14. Bg4 Rg8 15. g3 Ng6 16. Bxc8 Rxc8 17. Qg4 Bf6 18. a3 Nd3 19. Rab1 Ne7 20. Kh1 Rg7 21. Qf3 Ng8 22. b4 Nf4 23. Rfc1 g4 24. Qd1 Nh3 25. Kg2 Bg5 26. Qe2 Bxe3 27. Qxe3 axb4 28. axb4 Qf6 29. c5 Qg6 30. Nb5 dxc5 31. bxc5 f5 32. exf5 Qxf5 33. Ne4 Rf8 34. d6 c6 35. Nc7 Qh5 36. Ne6 Rf3 37. Nxg7 Kxg7 38. Rxb7+ Kh8 39. Qe2 Rf5 40. d7 Nf4+ 41. gxf4 Qh3+ 42. Kg1 Rh5 43. f3 gxf3 44. Qf2 Qg4+ 45. Qg3 1-0

[Event "SVK-chT2D 2122"]
[Site "Slovakia"]
[Date "2022.03.27"]
[Round "9.7"]
[White "Repasky, Karol"]
[Black "Marcin, Richard"]
[Result "0-1"]
[WhiteElo "1826"]
[BlackElo "1317"]
[PlyCount "124"]
[EventDate "2021.10.16"]
[EventType "team-tourn"]
[EventRounds "11"]
[EventCountry "SVK"]
[SourceTitle "EXT 2023"]
[Source "ChessBase"]
[SourceDate "2022.10.05"]
[SourceVersion "1"]
[SourceVersionDate "2022.10.05"]
[SourceQuality "1"]
[WhiteTeam "Kosice 1 CC"]
[BlackTeam "Presov Slavia PU"]
[WhiteTeamCountry "SVK"]
[BlackTeamCountry "SVK"]

1. e4 e5 2. Nf3 Nc6 3. d4 exd4 4. Nxd4 Nf6 5. Nxc6 bxc6 6. e5 Qe7 7. Qe2 Nd5 8. c4 Ba6 9. b3 f6 10. exf6 Nxf6 11. Bg5 Qxe2+ 12. Bxe2 Ne4 13. Bd2 Bc5 14. 0-0 Bd4 15. Bd3 Nxd2 16. Re1+ Kf7 17. Nxd2 Bxa1 18. Rxa1 Rhe8 19. Bxh7 g6 20. Nf3 Kg7 21. Ng5 Re5 22. f4 Re2 23. Rd1 d6 24. f5 gxf5 25. Bxf5 Kf6 26. Ne4+ Ke5 27. Nc3 Re3 28. Bd3 Rf8 29. Na4 Bc8 30. c5 Be6 31. cxd6 cxd6 32. Nb2 Bd5 33. Bc4 Ke6 34. Bxd5+ cxd5 35. g3 Re2 36. Nd3 Rxa2 37. Nf4+ Kd7 38. Nxd5 Rff2 39. h4 Rg2+ 40. Kh1 Rxg3 41. Nf6+ Kc6 42. Rc1+ Kb5 43. Ne4 Rh3+ 44. Kg1 Rxh4 45. Nc3+ Kb4 46. Nxa2+ Kxb3 47. Rc7 Kxa2 48. Rxa7+ Kb3 49. Kg2 d5 50. Ra5 d4 51. Kg3 Re4 52. Kf3 Re8 53. Rb5+ Kc2 54. Rc5+ Kd2 55. Ra5 d3 56. Ra2+ Kd1 57. Ra1+ Kc2 58. Ra2+ Kb3 59. Rd2 Kc3 60. Ra2 d2 61. Ra3+ Kb2 62. Rd3 Kc2 0-1

[Event "SVK-chT1E 1920"]
[Site "Slovakia"]
[Date "2019.11.10"]
[Round "4.8"]
[White "Repasky, Karol"]
[Black "Janik, Marek Tobias"]
[Result "1-0"]
[WhiteElo "1821"]
[BlackElo "1551"]
[PlyCount "79"]
[EventDate "2019.10.12"]
[EventType "team-tourn"]
[EventRounds "11"]
[EventCountry "SVK"]
[SourceTitle "CBM 193 Extra"]
[Source "ChessBase"]
[SourceDate "2020.01.31"]
[SourceVersion "1"]
[SourceVersionDate "2020.01.31"]
[SourceQuality "1"]
[WhiteTeam "Kosice 1 CC"]
[BlackTeam "Liptov Chess School II"]
[WhiteTeamCountry "SVK"]
[BlackTeamCountry "SVK"]

1. Nf3 Nf6 2. c4 g6 3. Nc3 Bg7 4. e4 d6 5. d4 0-0 6. Be2 Nbd7 7. 0-0 e5 8. d5 Ne8 9. Bg5 f6 10. Be3 f5 11. Bg5 Ndf6 12. Qc2 h6 13. Bd2 f4 14. h3 g5 15. Nh2 Kf7 16. b4 h5 17. Qd1 Rh8 18. c5 g4 19. h4 Rg8 20. g3 f3 21. Bc4 b6 22. Be3 a6 23. Qd2 b5 24. Bb3 Rb8 25. Bg5 Qd7 26. Rfb1 Nh7 27. Be3 Nhf6 28. Nf1 Kf8 29. a4 Qd8 30. axb5 axb5 31. Ra5 Bd7 32. Bg5 Ra8 33. Rba1 Rxa5 34. Rxa5 Qb8 35. c6 Bc8 36. Rxb5 Qa7 37. Ra5 Qb8 38. b5 Nh7 39. Be3 Nhf6 40. Qa2 1-0

[Event "SVK-chT1E 1920"]
[Site "Slovakia"]
[Date "2019.10.13"]
[Round "2.8"]
[White "Repasky, Karol"]
[Black "Furman, Slavomir"]
[Result "1/2-1/2"]
[WhiteElo "1806"]
[BlackElo "1762"]
[PlyCount "153"]
[EventDate "2019.10.12"]
[EventType "team-tourn"]
[EventRounds "11"]
[EventCountry "SVK"]
[SourceTitle "CBM 193 Extra"]
[Source "ChessBase"]
[SourceDate "2020.01.31"]
[SourceVersion "1"]
[SourceVersionDate "2020.01.31"]
[SourceQuality "1"]
[WhiteTeam "Kosice 1 CC"]
[BlackTeam "Bardejov"]
[WhiteTeamCountry "SVK"]
[BlackTeamCountry "SVK"]

1. c4 e6 2. d4 d5 3. e3 Nf6 4. Nc3 Be7 5. Nf3 0-0 6. Bd3 c5 7. dxc5 dxc4 8. Bxc4 Qxd1+ 9. Nxd1 Bxc5 10. 0-0 b6 11. a3 Bb7 12. Be2 Nc6 13. b4 Be7 14. Bb2 Rfd8 15. Nc3 Rac8 16. Rfd1 h6 17. Nb5 Nd5 18. Nfd4 a6 19. Nxc6 Rxc6 20. Nd4 Rcc8 21. Rac1 Bf6 22. Bf3 Rxc1 23. Rxc1 Rc8 24. Rxc8+ Bxc8 25. Kf1 Bd7 26. Be2 b5 27. Ke1 Kf8 28. Kd2 Ke7 29. Kc2 Kd6 30. g3 Nb6 31. Kb3 e5 32. Nf3 Be6+ 33. Kc2 Nc4 34. Bc1 Bf5+ 35. Kb3 Be6 36. Kc2 g5 37. Nd2 Nxd2 38. Bxd2 Bf5+ 39. Kb2 Be4 40. f3 Bxf3 41. Bf1 Kd5 42. Bc3 Bd8 43. Kc2 Bb6 44. Kd2 Be4 45. a4 bxa4 46. Bxa6 f5 47. Bb2 Kd6 48. Bb5 f4 49. exf4 exf4 50. gxf4 gxf4 51. Bxa4 Bg2 52. Bg7 h5 53. Bf8+ Kd5 54. Bb3+ Kd4 55. Bf7 h4 56. Bg7+ Ke4 57. Bf6 Be3+ 58. Kc2 h3 59. Be7 f3 60. Bc5 f2 61. Bg6+ Ke5 62. Bd3 Bxc5 63. bxc5 f1Q 64. Bxf1 Bxf1 65. Kd2 Bg2 66. Ke3 Kf5 67. Kf2 Kg4 68. Ke3 Bc6 69. Kf2 Kf4 70. Ke2 Bb5+ 71. Kf2 Kg4 72. Ke3 Bc6 73. Kf2 Kf4 74. Ke2 Ke5 75. Ke3 Kd5 76. Kf3 Kxc5+ 77. Kg3 1/2-1/2

[Event "SVK-chT1E 1819"]
[Site "Slovakia"]
[Date "2018.11.24"]
[Round "3.8"]
[White "Repasky, Karol"]
[Black "Sevcikova, Lucia"]
[Result "1/2-1/2"]
[WhiteElo "1835"]
[BlackElo "1620"]
[PlyCount "92"]
[EventDate "2018.10.27"]
[EventType "team-tourn"]
[EventRounds "11"]
[EventCountry "SVK"]
[SourceTitle "CBM 188 Extra"]
[Source "ChessBase"]
[SourceDate "2019.02.26"]
[SourceVersion "1"]
[SourceVersionDate "2019.02.26"]
[SourceQuality "1"]
[WhiteTeam "Kosice 1 CC"]
[BlackTeam "Kysucke Nove Mesto"]
[WhiteTeamCountry "SVK"]
[BlackTeamCountry "SVK"]

1. c4 e5 2. Nc3 Nf6 3. Nf3 Nc6 4. d4 exd4 5. Nxd4 Bc5 6. e3 0-0 7. Be2 d6 8. Nxc6 bxc6 9. Bf3 Bb7 10. 0-0 Qd7 11. a3 a5 12. Na4 Ba7 13. b4 axb4 14. axb4 Rfb8 15. Bb2 Qe6 16. Qc2 h6 17. Rfc1 Ng4 18. c5 Ne5 19. Be2 Re8 20. Qc3 Qg6 21. h3 Bc8 22. Kh2 Be6 23. f4 Bd5 24. Rg1 Nd7 25. Bh5 Qf6 26. Qe1 Qe7 27. Bd4 Nf6 28. Bd1 Ne4 29. Rc1 Reb8 30. Bf3 Rb7 31. Nc3 dxc5 32. Nxd5 cxd5 33. bxc5 c6 34. Bxe4 dxe4 35. Qg3 f6 36. Qg6 Qe8 37. Qf5 Re7 38. g4 Qd7 39. Qh5 Qe8 40. Qh4 Bb8 41. Kh1 Ra2 42. Rg2 Rxg2 43. Kxg2 Ra7 44. Rc2 Qf7 45. Qf2 Kf8 46. h4 Kg8 1/2-1/2